[Event "ch-Euro IBCA"]
[Site "Durham ENG"]
[Date "2007.08.21"]
[Round "7"]
[White "Grigorchuk,S"]
[Black "Krylov,Sergey"]
[Result "1-0"]
[WhiteElo "2235"]
[BlackElo "2409"]

1.d4 Nf6 2.c4 g6 3.Nc3 Bg7 4.e4 d6 5.Nf3 O-O 6.Be2 Na6 7.O-O e5 8.Re1 Qe8
9.Bf1 Bg4 10.d5 Nb4 11.Be2 a5 12.Be3 Bd7 13.Nd2 Na6 14.a3 b6 15.Nb5 Qc8 16.b4 Ng4
17.Bxg4 Bxg4 18.f3 Bd7 19.bxa5 bxa5 20.a4 Nc5 21.Nb3 Nxb3 22.Qxb3 Qb7 23.Rab1 Rfb8
24.Qd3 Qc8 25.Rec1 Qd8 26.c5 dxc5 27.Bxc5 c6 28.dxc6 Bxc6 29.Qxd8+ Rxd8 30.Bb6 Bxb5
31.Bxd8 Bxa4 32.Ra1 Bh6 33.Re1 Rxd8 34.Rxa4 Bd2 35.Rb1 Bb4 36.Ra2 Kg7 37.Kf1 f5
38.exf5 gxf5 39.Rc2 e4 40.fxe4 fxe4 41.Ke2 Kf6 42.Rd1 Rg8 43.Ke3 Ke5 44.Rd4 Rg4
45.g3 Be7 46.Rd7 Bg5+ 47.Ke2 h5 48.Rc5+ Ke6 49.Rg7 Kf6 50.Rg8 a4 51.h4 Be3
52.Rc6+  1-0

[Event "1st Serbian League Men"]
[Site "Zlatibor SRB"]
[Date "2007.08.21"]
[Round "1"]
[White "Krstic,P"]
[Black "Martic,I"]
[Result "0-1"]
[WhiteElo "2327"]
[BlackElo "2311"]

1.d4 Nf6 2.c4 g6 3.Nc3 Bg7 4.e4 d6 5.Nf3 O-O 6.Be2 e5 7.d5 a5 8.Bg5 Na6 9.O-O h6
10.Bh4 Qe8 11.Nd2 Nh7 12.f3 h5 13.a3 Bd7 14.b3 Bf6 15.Bf2 Qe7 16.Rb1 Bh4
17.b4 axb4 18.axb4 Bxf2+ 19.Rxf2 h4 20.b5 Nc5 21.b6 c6 22.Nb3 Nxb3 23.Qxb3 c5
24.Bd1 Qg5 25.Qb2 Nf6 26.Qc1 Qxc1 27.Rxc1 Ra3 28.g3 Rfa8 29.Rb2 g5 30.Kf2 hxg3+
31.hxg3 g4 32.Ke3 gxf3 33.Bxf3 Kg7 34.Kd3 Kg6 35.Rh1 Kg7 36.Rbb1 Nh7 37.Rh4 Nf6
38.Rhh1 R8a6 39.Rb2 R6a4 40.Rhb1 Ra8 41.Rh1 Nh7 42.Rh4 f5 43.exf5 Bxf5+ 44.Be4 Rf8
45.Re2 Ng5 46.Bxf5 Rxf5 47.Re3 Rf2  0-1

[Event "Dato Arthur Tan Malaysian Op"]
[Site "Kuala Lumpur MAS"]
[Date "2007.08.22"]
[Round "6"]
[White "Tan Khai Boon"]
[Black "Japeri,R"]
[Result "1-0"]
[WhiteElo "2138"]
[BlackElo "1831"]

1.d4 Nf6 2.c4 g6 3.Nc3 Bg7 4.e4 d6 5.Nf3 Nbd7 6.Be2 O-O 7.O-O e5 8.Re1 Re8
9.Bf1 h6 10.Rb1 a6 11.b4 b6 12.Bb2 Bb7 13.dxe5 Nxe5 14.Nxe5 Rxe5 15.Qd4 Qe8
16.f3 Rd8 17.Nd5 Bxd5 18.cxd5 Qa4 19.Qd1 Qxd1 20.Rexd1 Re7 21.Bxa6 Ra8 22.Bc4 Nd7
23.Bxg7 Kxg7 24.Rb2 g5 25.Bb5 Ne5 26.a4 Kg6 27.Ra2 f5 28.exf5+ Kxf5 29.a5 bxa5
30.bxa5 g4 31.fxg4+ Nxg4 32.a6 Ra7 33.Rf1+ Kg5 34.Bc6 Re5 35.Bb7 Nf6 36.Rd2 Nd7
37.Rd3 Kg6 38.Rg3+ Rg5 39.Rgf3 Nc5 40.Rf6+ Kg7 41.Rf7+ Kg6 42.R1f6+ Kh5 43.Bc8 Re5
44.Rg7 Re1+ 45.Rf1  1-0

[Event "VIII Open"]
[Site "Tarragona ESP"]
[Date "2007.08.22"]
[Round "5"]
[White "Peralta,Fe"]
[Black "Movsziszian,K"]
[Result "0-1"]
[WhiteElo "2546"]
[BlackElo "2534"]

1.d4 Nf6 2.c4 g6 3.Nc3 Bg7 4.e4 d6 5.Nf3 O-O 6.Be2 e5 7.O-O Na6 8.Be3 Ng4
9.Bg5 Qe8 10.Re1 f6 11.Bc1 Nh6 12.c5 exd4 13.Bxa6 dxc3 14.Bc4+ Be6 15.Qb3 Bxc4
16.Qxc4+ Nf7 17.cxd6 cxb2 18.Bxb2 cxd6 19.Nd4 Qd7 20.Ne6 Rfc8 21.Qb3 Rc6
22.Bd4 b6 23.Rac1 Re8 24.Nxg7 Kxg7 25.f3 Rxc1 26.Rxc1 Rc8 27.Rc3 g5 28.h3 h5
29.Kh2 Rxc3 30.Qxc3 Ne5 31.Qb3 Qf7 32.Qa3 Qc7 33.Kh1 Kf7 34.Be3 Ke6 35.Qa4 Ke7
36.f4 gxf4 37.Bxf4 a5 38.Qd4 Qc5 39.Qd1 Qc4 40.Bxe5 dxe5 41.Qxh5 Qxa2 42.Qh8 Qb1+
43.Kh2 Qxe4 44.Qg7+ Ke6 45.Qc7 Qf4+ 46.Kh1 Qd4 47.g4 a4 48.Qc8+ Kd5 49.h4 Qe4+
50.Kh2 Qe2+ 51.Kg1 Qe3+ 52.Kg2 a3 53.Qa8+ Kc5 54.Qf8+ Kb5 55.Qe8+ Kb4 56.Qe7+ Kb3  0-1

[Event "VIII Open"]
[Site "Tarragona ESP"]
[Date "2007.08.22"]
[Round "5"]
[White "Marzolo,C"]
[Black "Perpinya Rofes,L"]
[Result "1-0"]
[WhiteElo "2491"]
[BlackElo "2400"]

1.d4 Nf6 2.c4 g6 3.Nc3 Bg7 4.e4 d6 5.Nf3 O-O 6.Be2 e5 7.Be3 Ng4 8.Bg5 f6
9.Bc1 f5 10.Bg5 Qe8 11.dxe5 Nxe5 12.Nxe5 Qxe5 13.exf5 Bxf5 14.O-O Nc6 15.Re1 Nd4
16.Bf1 Qa5 17.Nd5 c5 18.Re7 Rae8 19.b4 Qa3 20.Bc1 Qa6 21.Rxg7+ Kxg7 22.Nc7 Qc6
23.Nxe8+ Rxe8 24.Bb2 Qe4 25.Qd2 Kf7 26.Rd1 Qc2 27.Bxd4 Qxd2 28.Rxd2 cxd4
29.Rxd4 Re1 30.Rxd6 Be6 31.Rd4 Ra1 32.h4 b6 33.f3 a5 34.b5 Rxa2 35.Rd6 Rc2
36.Rxb6 a4 37.Ra6 Bxc4 38.Rc6  1-0

[Event "VIII Open"]
[Site "Tarragona ESP"]
[Date "2007.08.22"]
[Round "5"]
[White "Gladyszev,O"]
[Black "Oratovsky,M"]
[Result "1/2-1/2"]
[WhiteElo "2480"]
[BlackElo "2525"]

1.d4 d6 2.Nf3 g6 3.c4 Bg7 4.e4 Nd7 5.Nc3 e5 6.Be2 Ngf6 7.O-O O-O 8.Be3 Qe7
9.Qc2 exd4 10.Nxd4 c6 11.Rad1 Nc5 12.f3 a5 13.Rfe1 Nfd7 14.Qd2 Re8 15.Bf1 a4
16.Kh1  1/2-1/2

[Event "1st Serbian League Men"]
[Site "Zlatibor SRB"]
[Date "2007.08.23"]
[Round "3"]
[White "Grujic,Z"]
[Black "Brenjo,S"]
[Result "0-1"]
[WhiteElo "2362"]
[BlackElo "2485"]

1.Nf3 Nf6 2.c4 g6 3.Nc3 Bg7 4.e4 d6 5.d4 O-O 6.Be2 e5 7.Be3 h6 8.O-O Ng4
9.Bc1 Nc6 10.d5 Ne7 11.Nd2 f5 12.Bxg4 fxg4 13.b4 g5 14.c5 Ng6 15.Nc4 Rf6
16.Be3 Bf8 17.a4 Nf4 18.a5 Qe8 19.a6 b6 20.cxb6 cxb6 21.b5 Bd7 22.Qb3 Qh5
23.Qd1 Be7 24.Ra3 Bd8 25.Rb3 Rc8 26.Rb4 Qe8 27.Qb1 h5 28.g3 Nh3+ 29.Kg2 h4
30.Qd3 Bc7 31.Rb2 Qh5 32.Na5 hxg3 33.fxg3 Rxf1 34.Qxf1 bxa5 35.Bxa7 Nf4+
36.Kh1 Bd8 37.b6 Rxc3 38.b7 Qg6 39.Re2 Nxe2 40.b8=Q Qxe4+  0-1

[Event "TCh-ESP CECLUB Sur Div 1"]
[Site "Burguillos ESP"]
[Date "2007.08.24"]
[Round "4"]
[White "Sanchez Jimenez,JC"]
[Black "Suarez Real,A"]
[Result "0-1"]
[WhiteElo "2281"]
[BlackElo "2386"]

1.d4 Nf6 2.Nf3 g6 3.c4 Bg7 4.Nc3 d6 5.e4 O-O 6.Be2 Na6 7.O-O e5 8.Be3 Ng4
9.Bg5 Qe8 10.c5 dxc5 11.Bxa6 bxa6 12.Nd5 f6 13.Bh4 cxd4 14.Nxc7 Qd7 15.Nxa8 Bb7
16.Nc7 Qxc7 17.Nxd4 exd4 18.Qxg4 Qe5 19.Rfe1 Rd8 20.f4 Qe8 21.e5 f5 22.Qd1 Qc6
23.Qd2 Re8 24.Rac1 Qd5 25.Rc7 Bf8 26.Rxb7 Qxb7 27.Qxd4 Rc8 28.Bf2 Rc2 29.Qxa7 Qb4
30.e6 Bc5 31.Qf7+ Kh8 32.Qf6+ Kg8 33.Qf7+ Kh8 34.Rd1 Bxf2+ 35.Kh1 Bh4 36.Qe8+ Kg7
37.Qf7+ Kh6 38.a3 Qe4 39.Rg1 Qe3 40.h3 Bg3 41.Qf8+ Kh5 42.Rf1 Rc1  0-1

[Event "1st Serbian League Men"]
[Site "Zlatibor SRB"]
[Date "2007.08.24"]
[Round "4"]
[White "Arsovic,Z"]
[Black "Dujkovic,S"]
[Result "1-0"]
[WhiteElo "2451"]
[BlackElo "2407"]

1.Nf3 Nf6 2.c4 g6 3.Nc3 Bg7 4.e4 d6 5.d4 O-O 6.Be2 e5 7.Be3 Nbd7 8.d5 Ng4
9.Bg5 f6 10.Bd2 a5 11.h3 Nh6 12.h4 Nc5 13.h5 g5 14.Be3 g4 15.Nh4 f5 16.exf5 Nxf5
17.Nxf5 Bxf5 18.h6 Bf6 19.Bxc5 dxc5 20.Bxg4 Bg6 21.Qe2 e4 22.Nxe4 Bd4 23.Rd1 Rf4
24.Rxd4 cxd4 25.Nd2 Qg5 26.Be6+ Kh8 27.Nf3 Qf6 28.Rh4 Be4 29.Rxf4 Qxf4 30.Nxd4 Qc1+
31.Qd1 Qxb2 32.f3 c5 33.Ne2 Bg6 34.Qd2 Qa1+ 35.Kf2 Qf6 36.Qc3 Qxc3 37.Nxc3 Bd3
38.d6 Rd8 39.Nb5 Bb1 40.a3 Bg6 41.d7 Bf7 42.Bxf7 Rxd7 43.Bd5 b6 44.g4  1-0

[Event "TCh-ESP CECLUB Sur Div 1"]
[Site "Burguillos ESP"]
[Date "2007.08.25"]
[Round "5"]
[White "Lopez Gonzalez,D"]
[Black "Vallejo Diaz,Je"]
[Result "1/2-1/2"]
[WhiteElo "2184"]
[BlackElo "2270"]

1.d4 Nf6 2.c4 g6 3.Nc3 Bg7 4.e4 d6 5.Be2 Nbd7 6.Nf3 e5 7.O-O O-O 8.Be3 Ng4
9.Bg5 f6 10.Bd2 Nh6 11.d5 a5 12.Ne1 Qe7 13.Rb1 Nc5 14.b3 f5 15.f3 Qh4 16.Nd3 Nxd3
17.Bxd3 Nf7 18.Nb5 Qe7 19.Qc2 Bh6 20.exf5 gxf5 21.Bxh6 Nxh6 22.Qd2 f4 23.Rfe1 b6
24.a3 Qg7 25.b4 axb4 26.axb4 Kh8 27.c5 bxc5 28.bxc5 Ba6 29.cxd6 Bxb5 30.Rxb5 cxd6
31.Qb2 Qa7+ 32.Kf1 Qa2 33.Qxa2 Rxa2 34.Rb7 Rf7 35.Reb1 Rd2 36.Be4 Kg7 37.R1b6 Ra2
38.Rb2 Rxb2 39.Rxb2 Rd7 40.g3 Kf6 41.Rb8 Ra7 42.Rc8 Nf7 43.Rg8 Ra1+ 44.Kg2 Ra2+
45.Kg1 fxg3 46.hxg3 Ng5 47.Rf8+ Ke7 48.Rh8 Re2 49.Kf1 Ra2 50.Rg8 Kf6 51.Rf8+ Nf7
52.Rg8 Ng5 53.Rf8+ Ke7 54.Rg8 Kf6 55.Rf8+ Nf7 56.Rg8 Ng5 57.Rf8+  1/2-1/2

[Event "Dato Arthur Tan Malaysian Op"]
[Site "Kuala Lumpur MAS"]
[Date "2007.08.25"]
[Round "9"]
[White "Thong Yung Cheng"]
[Black "Bennett,H"]
[Result "1/2-1/2"]
[WhiteElo "1977"]
[BlackElo "2132"]

1.d4 Nf6 2.c4 g6 3.Nc3 Bg7 4.e4 d6 5.Nf3 O-O 6.Be2 e5 7.dxe5 dxe5 8.Qxd8 Rxd8
9.Bg5 Re8 10.h3 c6 11.O-O Na6 12.Be3 Nd7 13.a3 Ndc5 14.Nd2 Ne6 15.Rac1 Nd4
16.b4 f5 17.Bd3 Nc7 18.Bxd4 exd4 19.Ncb1 Ne6 20.Rfe1 Nf4 21.Bf1 Bd7 22.g3 Ne6
23.exf5 gxf5 24.Nf3 h6 25.Nbd2 Ng5 26.Nxg5 hxg5 27.Nb3 Rad8 28.Bd3 Kf7 29.Nc5 Bc8
30.Bf1 f4 31.g4  1/2-1/2

[Event "Dato Arthur Tan Malaysian Op"]
[Site "Kuala Lumpur MAS"]
[Date "2007.08.25"]
[Round "10"]
[White "Tan Khai Boon"]
[Black "Chong Chor Yuen"]
[Result "1-0"]
[WhiteElo "2138"]
[BlackElo "2067"]

1.d4 Nf6 2.c4 g6 3.Nc3 Bg7 4.e4 d6 5.Nf3 O-O 6.Be2 e5 7.Be3 Nc6 8.d5 Ne7
9.Nd2 Nd7 10.O-O f5 11.f3 Nf6 12.c5 Nh5 13.Nc4 Qd7 14.a4 f4 15.Bf2 Rf6 16.cxd6 cxd6
17.Nb5 b6 18.Qb3 Ba6 19.Nxe5 dxe5 20.d6+ Kh8 21.dxe7 Qxe7 22.Rfc1 Bxb5 23.axb5 Rd6
24.Rc6 Rd2 25.Bf1 Qd7 26.Bxb6 Bf8 27.Qc3 Bg7 28.Rxa7 Rxa7 29.Rc8+ Bf8 30.Qxe5+ Kg8
31.Bc4+  1-0

[Event "Open A"]
[Site "Polanica Zdroj POL"]
[Date "2007.08.25"]
[Round "9"]
[White "Kuciel,W"]
[Black "Szumilas,Pa"]
[Result "0-1"]
[WhiteElo "2162"]
[BlackElo "2127"]

1.Nf3 Nf6 2.c4 g6 3.Nc3 Bg7 4.e4 d6 5.d4 O-O 6.Be2 e5 7.Be3 exd4 8.Nxd4 Re8
9.f3 c6 10.O-O d5 11.cxd5 Nxd5 12.Nxd5 cxd5 13.Qb3 Nc6 14.Nxc6 bxc6 15.Bc5 Be6
16.Qa4 Bxb2 17.Rab1 Be5 18.Ba6 Qh4 19.g3 Bxg3 20.hxg3 Qxg3+ 21.Kh1 Bg4 22.fxg4 Qh3+
23.Kg1 Qxg4+ 24.Kh2 Re5 25.Rf5 Rxf5  0-1

[Event "1st Serbian League Men"]
[Site "Zlatibor SRB"]
[Date "2007.08.26"]
[Round "6"]
[White "Pavlovic,Milo2"]
[Black "Bulajic,R"]
[Result "1-0"]
[WhiteElo "2438"]
[BlackElo "2321"]

1.d4 Nf6 2.c4 g6 3.Nc3 Bg7 4.e4 d6 5.Nf3 O-O 6.Be2 e5 7.O-O Nh5 8.g3 Bg4
9.d5 Qd7 10.Nh4 Bxe2 11.Qxe2 Qh3 12.Be3 Nd7 13.Nb5 a6 14.Nc3 Nf4 15.Qf3 f5
16.exf5 gxf5 17.Bxf4 exf4 18.Qxf4 Ne5 19.Nf3 Bh6 20.Ng5 Qh5 21.h4 Kh8 22.Kg2 Rg8
23.Rh1 Raf8 24.Rad1 Rg7 25.b3 b6 26.Rd4 Rg6 27.Nd1 Rgf6 28.Re1 Rg8 29.Ne3 Bxg5
30.hxg5 Ng6 31.gxf6 Nxf4+ 32.Rxf4 Qg6 33.Nxf5 Qxf6 34.Ree4 Rf8 35.Nd4 Qh6
36.Ne6 Re8 37.Ng5 Rxe4 38.Nf7+ Kg7 39.Nxh6 Rxf4 40.gxf4 Kxh6 41.Kg3 Kh5 42.Kh3 b5
43.cxb5 a5 44.Kg3 Kg6 45.Kg4 Kf6 46.a3 Kg6 47.f5+ Kf6 48.Kf4 h6 49.Kg4 Ke5
50.Kh5 Kxf5 51.Kxh6 Kf6 52.a4 Kf5 53.Kg7 Ke4 54.Kg6 Ke5 55.f3 Kxd5 56.f4 Ke6
57.f5+ Ke7 58.Kg7  1-0

[Event "15th Open"]
[Site "Nikea GRE"]
[Date "2007.08.27"]
[Round "6"]
[White "Petkov,V"]
[Black "Dochev,D"]
[Result "1/2-1/2"]
[WhiteElo "2520"]
[BlackElo "2405"]

1.d4 Nf6 2.c4 g6 3.Nc3 Bg7 4.e4 d6 5.Nf3 O-O 6.Be2 e5 7.Be3 c6 8.d5 Ng4 9.Bg5 f6
10.Bh4 h5 11.dxc6 bxc6 12.h3 Nh6 13.c5 g5 14.Bg3 dxc5 15.Nd2 h4 16.Bh2 Be6
17.Bc4 Qe7 18.Qb3 Bf7 19.Bxf7+ Nxf7 20.Nc4 Qe6 21.Nb6 c4 22.Qxc4 Qxc4 23.Nxc4 Rd8
24.g3 Na6 25.gxh4 gxh4 26.Ne3 Nc5 27.Ke2 Rab8 28.b3 Bh6 29.Rhg1+ Kf8 30.Rad1 Ne6
31.Nf5 Bf4 32.Bxf4 Nxf4+ 33.Ke3 Ng5 34.Nxh4 Ngxh3 35.Rh1 Ng5 36.Na4 Kf7 37.Nc5 Rh8
38.Nf5 Rxh1 39.Rxh1 Rd8 40.Nh6+ Kg6 41.Ng4 Ng2+ 42.Ke2 Nf4+ 43.Ke3 Ng2+  1/2-1/2

[Event "1st Serbian League Men"]
[Site "Zlatibor SRB"]
[Date "2007.08.28"]
[Round "7"]
[White "Pavlovic,Milos"]
[Black "Paunovic,D"]
[Result "1/2-1/2"]
[WhiteElo "2541"]
[BlackElo "2531"]

1.d4 d6 2.Nf3 Nf6 3.c4 g6 4.Nc3 Bg7 5.e4 O-O 6.Be2 e5 7.O-O c6 8.d5 Na6 9.Be3 Ng4
10.Bg5 f6 11.Bh4 c5 12.a3 Nh6 13.Rb1 b6 14.b4 Nf7 15.Nd2 h5 16.f3 Bh6 17.Bd3 Be3+
18.Kh1 Kg7 19.Bc2 g5 20.Bf2 Bd4 21.Ne2 h4 22.Nxd4 cxd4 23.Bd3 Nh8 24.c5 bxc5
25.Qa4 Nc7 26.bxc5 dxc5 27.Nb3 Ng6 28.Nxc5 Nf4 29.Bc4 Qd6 30.Qa5 Rf7 31.Be1 Ne8
32.Bb4 Qc7 33.Bb5 Bb7 34.Nxb7 Qc2 35.Bd2 Rxb7 36.Rfc1 Qa2 37.Ra1 Qb2 38.Rab1 Qa2
39.Ra1 Qb2  1/2-1/2

[Event "27th Open"]
[Site "Bratto ITA"]
[Date "2007.08.29"]
[Round "7"]
[White "Brun,D"]
[Black "Bagaturov,G"]
[Result "0-1"]
[WhiteElo "2207"]
[BlackElo "2474"]

1.d4 Nf6 2.c4 g6 3.Nc3 Bg7 4.e4 d6 5.Nf3 O-O 6.Be2 Na6 7.O-O e5 8.Re1 c6
9.Bf1 Bg4 10.dxe5 Bxf3 11.Qxf3 dxe5 12.Bg5 Qe7 13.Rad1 Nc5 14.Rd2 Ne6 15.Be3 Nd7
16.Qd1 Rfd8 17.Qb1 Nd4 18.b4 Nf8 19.Ne2 Nfe6 20.Bxd4 exd4 21.f4 a5 22.b5 Qc5
23.Qd3 cxb5 24.cxb5 Qb6 25.e5 Nc5 26.Qc4 d3  0-1

[Event "1st Serbian League Men"]
[Site "Zlatibor SRB"]
[Date "2007.08.29"]
[Round "8"]
[White "Pavlovic,Milo2"]
[Black "Arsovic,Z"]
[Result "1/2-1/2"]
[WhiteElo "2438"]
[BlackElo "2451"]

1.d4 Nf6 2.c4 d6 3.Nf3 g6 4.Nc3 Bg7 5.e4 O-O 6.Be2 e5 7.O-O c6 8.d5 Na6 9.Be3 Ng4
10.Bg5 f6 11.Bh4 c5 12.Ne1 Nh6 13.Nd3 g5 14.Bg3 f5 15.f3 Bd7 16.a3 b6 17.b4 Qe8
18.bxc5 bxc5 19.Rb1 Qg6 20.h3 f4 21.Be1 Nf7 22.Rb7 Bc8 23.Rb3 h5 24.Nf2 Nh6
25.Nb5 Rf7 26.Qd3 Bf8 27.Ba5 Rb8 28.Rfb1 Rg7 29.Qd1 Rbb7 30.Be1 Rbf7 31.Rd3 Rh7
32.Rbb3 Rfg7 33.Rb2 Kh8 34.Rbb3 Ng8 35.Ba5 Qe8 36.Kf1 Nf6 37.Kg1 Kg8 38.Be1 Qg6
39.Ba5 Qe8 40.Be1 Rg6 41.Rb2 Rhg7 42.Nc3 g4 43.fxg4 hxg4 44.hxg4 Bxg4 45.Nxg4 Nxg4
46.Bxg4 Rxg4 47.Rh3 Qg6 48.Qf3 Nc7 49.Rh2 Ne8 50.Rb8 Nf6 51.Bf2 Nh5 52.Ne2 Nf6
53.Nc3 Nh5 54.Ne2  1/2-1/2

[Event "1st Serbian League Men"]
[Site "Zlatibor SRB"]
[Date "2007.08.29"]
[Round "8"]
[White "Krstic,P"]
[Black "Stupavski,Z"]
[Result "1/2-1/2"]
[WhiteElo "2327"]
[BlackElo "2378"]

1.d4 Nf6 2.c4 g6 3.Nc3 Bg7 4.e4 d6 5.Nf3 O-O 6.Be2 e5 7.d5 a5 8.Bg5 h6 9.Bh4 Na6
10.Nd2 Qe8 11.O-O Nh7 12.a3 h5 13.f3 Bd7 14.b3 Bf6 15.Bf2 Qe7 16.Rb1 Bh4
17.Qe1 Bxf2+ 18.Qxf2 Kg7 19.b4 axb4 20.axb4 Nf6 21.Rfc1 b6 22.Rb2 Bc8 23.Ra1 Bb7
24.Qf1 Nd7 25.Ra3 Qg5 26.Ncb1 h4 27.c5 dxc5 28.Bxa6 Bxa6 29.Rxa6 Qe3+ 30.Kh1 Rxa6
31.Qxa6 Ra8 32.Qc4 Ra1 33.Qc1 c4 34.Rc2 b5 35.Rc3 Qd4 36.h3 Nb6 37.Ra3 Na4
38.Rxa1 Qxa1 39.Kh2 Qd4 40.Na3 c3 41.Ndb1 Qxb4 42.Qc2 f6 43.Nxb5 Qxb5 44.Nxc3  1/2-1/2

[Event "13th Open"]
[Site "Chambery FRA"]
[Date "2007.08.31"]
[Round "4"]
[White "Scholz,C"]
[Black "Linais,L"]
[Result "1-0"]
[WhiteElo "2367"]
[BlackElo "2145"]

1.d4 Nf6 2.c4 g6 3.Nc3 Bg7 4.e4 d6 5.Nf3 O-O 6.Be2 e5 7.d5 a5 8.Bg5 h6 9.Bh4 Na6
10.Nd2 Nc5 11.O-O g5 12.Bg3 Ne8 13.Bg4 f5 14.Bxf5 Bxf5 15.exf5 Qd7 16.Nb3 Qxf5
17.Nxc5 dxc5 18.Qe2 Nd6 19.f3 Rae8 20.Rae1 Qd7 21.h3 Nf5 22.Bh2 Nd4 23.Qd3 b6
24.Ne4 Qa4 25.Nc3 Qc2 26.Qxc2 Nxc2 27.Re4 Nd4 28.Rfe1 Nc2 29.Rd1 Nd4 30.Kf2 Re7
31.Ke3 Kh7 32.Kd3 Kg6 33.Rde1 Rfe8 34.Ne2 Nf5 35.Ng3 Nd4 36.h4 Bf6 37.h5+ Kf7
38.Bg1 Bg7 39.Bh2 c6 40.dxc6 Nxc6 41.Nf5 Rd7+ 42.Kc2 Nd4+ 43.Nxd4 Rxd4 44.Rxd4 cxd4
45.Kd3 Ke6 46.Ke4 Rc8 47.Rc1 Bf8 48.Bxe5  1-0

[Event "Kalamaria Open"]
[Site "Thessaloniki GRE"]
[Date "2007.08.31"]
[Round "8"]
[White "Stocek,J"]
[Black "Moradiabadi,E"]
[Result "1-0"]
[WhiteElo "2572"]
[BlackElo "2540"]

1.d4 d6 2.Nf3 Nf6 3.c4 g6 4.Nc3 Bg7 5.e4 O-O 6.Be2 e5 7.d5 Nbd7 8.Be3 Nc5
9.Nd2 a5 10.a3 Ne8 11.b4 axb4 12.axb4 Rxa1 13.Qxa1 Na6 14.Qa3 f5 15.O-O f4
16.Ba7 g5 17.f3 Rf6 18.c5 dxc5 19.bxc5 Bf8 20.d6 Kh8 21.Nd5 Rg6 22.Nc4 cxd6
23.cxd6 Bxd6 24.Qb2 Re6 25.Rc1 h6 26.Nxd6 Nxd6 27.Bxa6 bxa6 28.Qb8 g4 29.Bc5 Ne8
30.Bb6 Qg5 31.Rxc8  1-0

[Event "1st Serbian League Men"]
[Site "Zlatibor SRB"]
[Date "2007.08.31"]
[Round "10"]
[White "Kosic,D"]
[Black "Damljanovic,B"]
[Result "1/2-1/2"]
[WhiteElo "2501"]
[BlackElo "2606"]

1.d4 Nf6 2.Nf3 g6 3.c4 Bg7 4.Nc3 d6 5.e4 O-O 6.Be2 Na6 7.O-O e5 8.Be3 c6
9.dxe5 dxe5 10.Qxd8 Rxd8 11.h3 Re8 12.a3 Nh5 13.Rfd1 Nf4 14.Bf1 Ne6 15.b4 f5
16.c5 f4 17.Bc1 Nd4 18.Nd2 Be6 19.Nc4 Nc7 20.Bb2 Red8 21.Rac1 f3 22.g3 h5
23.Re1 g5 24.Nd6 Rac8 25.Nf5 g4 26.Nd1 Ne8 27.Nde3 Nf6 28.Nc4 gxh3 29.Nxe5 Nxf5
30.exf5 Bxf5 31.Nxf3 Re8 32.Nd4 Bd7 33.f3 Kf8 34.Kh2 Nd5 35.Bxh3 Bxh3 36.Kxh3 Kf7
37.Ba1 Bh6 38.Rxe8 Rxe8 39.Rd1 Kg6 40.b5 Ne3 41.Re1 Bf8 42.bxc6 bxc6 43.Nxc6 Bxc5
44.Bd4 Bb6 45.Bxb6 axb6 46.f4 Re4 47.Ne5+ Kf5 48.Nf3 Ng4 49.Nh4+ Kf6 50.Rxe4 Nf2+
51.Kg2 Nxe4 52.Nf3 Nd6 53.Nd4 Nc4 54.Nc2 Kf5 55.Kf3 Nd2+ 56.Ke2 Nb3 57.Kf3 Nd2+
58.Ke3 Nf1+ 59.Kf2 Nd2 60.Nd4+ Ke4 61.Nb5 Nc4 62.Kg2 h4 63.gxh4 Kxf4 64.Kh3 Ne3
65.Nc3 Kf5 66.Kg3 Nc4 67.a4 Nb2 68.Nd5 Nxa4 69.Nxb6 Nxb6 70.h5 Kg5 71.h6 Kxh6  1/2-1/2

[Event "1st Serbian League Men"]
[Site "Zlatibor SRB"]
[Date "2007.08.31"]
[Round "10"]
[White "Pavlovic,Milos"]
[Black "Popovic,Du"]
[Result "1-0"]
[WhiteElo "2541"]
[BlackElo "2551"]

1.d4 Nf6 2.c4 g6 3.Nc3 Bg7 4.e4 d6 5.Nf3 O-O 6.Be2 e5 7.d5 a5 8.Bg5 Na6 9.Nd2 Qe8
10.O-O Kh8 11.a3 Bd7 12.b3 Ng8 13.Rb1 f5 14.f3 f4 15.b4 Bf6 16.Bxf6+ Rxf6
17.c5 g5 18.c6 Bc8 19.cxb7 Bxb7 20.Bb5 Qb8 21.Qe2 a4 22.Nc4 Rg6 23.Na5 Bc8
24.Nc6 Qb7 25.Bxa4 g4 26.Qb5 Rg7 27.Qxb7 Bxb7 28.Na5 Bc8 29.Kf2 Nf6 30.Bc6 Rb8
31.Nb3 g3+ 32.hxg3 fxg3+ 33.Ke3 Nh5 34.Ne2 Rb6 35.Rh1 Nf6 36.b5 Nb8 37.Na5 Nxc6
38.Nxc6 Bd7 39.Rhc1 Rg8 40.a4 Bxc6 41.Rxc6 Ra8 42.Rxc7 Rxa4 43.Nxg3 Ra3+
44.Kf2 Ra5 45.Nf5 Raxb5 46.Rc8+  1-0

[Event "1st Serbian League Women"]
[Site "Zlatibor SRB"]
[Date "2007.08.31"]
[Round "11"]
[White "Voiska,M"]
[Black "Vasilevich,T"]
[Result "1/2-1/2"]
[WhiteElo "2314"]
[BlackElo "2377"]

1.d4 Nf6 2.c4 g6 3.Nc3 Bg7 4.e4 d6 5.Nf3 O-O 6.Be2 e5 7.dxe5 dxe5 8.Qxd8 Rxd8
9.Nd5 Nxd5 10.cxd5 Bg4 11.Be3  1/2-1/2

[Event "Open"]
[Site "Peiraias GRE"]
[Date "2007.09.01"]
[Round "1"]
[White "Kalesis,N"]
[Black "Barbagiannis,P"]
[Result "1-0"]
[WhiteElo "2459"]
[BlackElo "1944"]

1.d4 Nf6 2.c4 g6 3.Nc3 Bg7 4.e4 d6 5.Nf3 O-O 6.Be2 e5 7.Be3 Nc6 8.d5 Ne7
9.Nd2 b6 10.b4 a5 11.a3 Qd7 12.O-O Ng4 13.Bxg4 Qxg4 14.Qxg4 Bxg4 15.c5 b5
16.f3 Bc8 17.Nxb5 Nxd5 18.exd5 e4 19.Rab1 exf3 20.Nxf3 axb4 21.Rxb4 Ra5 22.c6 Re8
23.Nxc7 Rxe3 24.Rb8 h6 25.Rxc8+ Kh7 26.Nd2 Bd4 27.Rxf7+ Bg7 28.Ne6  1-0

[Event "26th OCF NAO Fide Open"]
[Site "Stillwater USA"]
[Date "2007.09.01"]
[Round "3"]
[White "Betaneli,A"]
[Black "Schoonmaker,N"]
[Result "0-1"]
[WhiteElo "2239"]
[BlackElo "2202"]

1.d4 Nf6 2.c4 g6 3.Nc3 Bg7 4.e4 d6 5.Be2 O-O 6.Nf3 e5 7.d5 Na6 8.Bg5 h6 9.Bh4 g5
10.Bg3 Nxe4 11.Nxe4 f5 12.Nfd2 fxe4 13.Nxe4 Bf5 14.Bd3 g4 15.f3 gxf3 16.Qxf3 Bh7
17.Qg4 Nb4 18.Bb1 c6 19.Bf2 Rf4 20.Qe2 cxd5 21.cxd5 Qa5 22.O-O Qxd5 23.Nc3 Qf7
24.Bxh7+ Kxh7 25.g3 Qg6 26.Kh1 Rf7 27.Rad1 Nc6 28.Be3 Raf8 29.Rxf7 Rxf7 30.Qg2 a6
31.Nd5 Qf5 32.g4 Qf3 33.Qxf3 Rxf3 34.Kg2 Rf7 35.Bb6 Bf8 36.Ne3 Rd7 37.Nd5 Kg7
38.h4 Ne7 39.Ne3 d5 40.Bc5 d4 41.Bxe7 Bxe7 42.Nf5+ Kg6 43.Kf3 Rc7 44.Ke4 Bf6
45.Rf1 Rc2  0-1

[Event "Open"]
[Site "Liverpool ENG"]
[Date "2007.09.03"]
[Round "2"]
[White "Wu,L"]
[Black "Vovk,Y"]
[Result "1-0"]
[WhiteElo "2314"]
[BlackElo "2557"]

1.d4 Nf6 2.c4 g6 3.Nc3 Bg7 4.e4 d6 5.Nf3 O-O 6.Be2 e5 7.O-O Nbd7 8.Be3 c6
9.d5 c5 10.Ne1 Ne8 11.Nd3 f5 12.f3 Ndf6 13.a3 h5 14.b4 b6 15.Rb1 fxe4 16.Nxe4 Nxe4
17.fxe4 Rxf1+ 18.Qxf1 Nf6 19.Nf2 Qf8 20.Qc1 Kh7 21.Bg5 Bh6 22.h4 cxb4 23.axb4 a5
24.c5 bxc5 25.bxc5 Bxg5 26.hxg5 Nd7 27.c6 Nc5 28.Qe3 a4 29.Nd3 Nb3 30.Bd1 Nd4
31.Ra1 a3 32.Nf2 a2 33.Qd2 Qe7 34.Rxa2 Rxa2 35.Qxa2 Qxg5 36.Qa7+ Kh6 37.Qf7 Qd8
38.c7 Qh8 39.Qe7 Qg7 40.Ng4+ Kh7 41.Nf6+ Kh6 42.Qxg7+ Kxg7 43.Ne8+  1-0

[Event "129th ch-New York State"]
[Site "New York USA"]
[Date "2007.09.03"]
[Round "5"]
[White "Dougherty,M"]
[Black "Bonin,J"]
[Result "0-1"]
[WhiteElo "2211"]
[BlackElo "2365"]

1.Nf3 Nf6 2.d4 d6 3.c4 g6 4.Nc3 Bg7 5.e4 O-O 6.Be2 e5 7.d5 a5 8.Bg5 h6 9.Bh4 Na6
10.Nd2 Qe8 11.a3 Bd7 12.b3 Nh7 13.Rb1 h5 14.f3 Bh6 15.O-O Nc5 16.b4 axb4
17.axb4 Na4 18.Qc2 Nxc3 19.Qxc3 Ra2 20.Rb2 Be3+ 21.Bf2 Bxf2+ 22.Rxf2 Qa8
23.Rxa2 Qxa2 24.c5 Ra8 25.Nc4 Bb5 26.h4 Bxc4 27.Bxc4 Qa1+ 28.Qxa1 Rxa1+ 29.Bf1 f5
30.exf5 gxf5 31.cxd6 cxd6 32.Rc2 Nf6 33.Kf2 Kg7 34.Bd3 e4 35.fxe4 fxe4 36.Be2 Kg6
37.Rc7 Ra2 38.Rxb7 Nxd5 39.Ke1 Nf4  0-1

[Event "12th ch-Asia w"]
[Site "Tehran IRI"]
[Date "2007.09.03"]
[Round "1"]
[White "Mohota,N"]
[Black "Salman,Ma"]
[Result "1-0"]
[WhiteElo "2332"]
[BlackElo "2106"]

1.d4 Nf6 2.Nf3 g6 3.c4 Bg7 4.Nc3 d6 5.e4 Nbd7 6.Be2 O-O 7.O-O e5 8.Be3 c6
9.d5 c5 10.Ne1 Ne8 11.g4 f5 12.gxf5 gxf5 13.exf5 Ndf6 14.Bd3 Qe7 15.Qc2 Ng4
16.Ng2 Qf7 17.f3 Nxe3 18.Nxe3 Bh6 19.Ng4 Bg5 20.f4 exf4 21.h4 Qh5 22.Qg2 Qxh4
23.Rf3 Bxf5 24.Bxf5 Rxf5 25.Raf1 Nf6 26.Ne3 Re5 27.Rxf4 Qh5 28.Rxf6 Rxe3
29.R6f5 h6 30.Ne4 Rxe4 31.Qxe4 Re8 32.Qf3 Qxf3 33.R5xf3 Re4 34.b3 Re2 35.Rf7 Be7
36.R7f2 Re4 37.Rg2+ Bg5 38.Rf6 Re1+ 39.Kf2 Ra1 40.Rxd6 Rxa2+ 41.Kf3  1-0

[Event "Masters"]
[Site "Trieste ITA"]
[Date "2007.09.04"]
[Round "5"]
[White "Schlosser,P"]
[Black "Bosiocic,Mari"]
[Result "0-1"]
[WhiteElo "2562"]
[BlackElo "2496"]

1.d4 Nf6 2.Nf3 g6 3.c4 Bg7 4.Nc3 O-O 5.e4 d6 6.Be2 e5 7.O-O c6 8.Qc2 Nbd7
9.Rd1 Qe7 10.d5 c5 11.g3 Kh8 12.Bg5 Rg8 13.a3 Qf8 14.Bd2 Ne8 15.b4 Bf6 16.Ne1 Bg7
17.Ng2 b6 18.Rab1 Nc7 19.Na4 Nb8 20.Bc3 f5 21.exf5 Bxf5 22.Bd3 Bh3 23.bxc5 bxc5
24.Rb7 Nba6 25.Ba5 Qc8 26.Rdb1 Ne8 27.Nc3 Nb4 28.R7xb4 cxb4 29.axb4 Nf6 30.Ne3 Rf8
31.Re1 Bh6 32.Ne4 Nxe4 33.Bxe4 Qa6 34.Bd3 Qb7 35.c5 Bxe3 36.Rxe3 Qxd5 37.Be4 Qd4
38.Qc3 d5 39.Bh1 Rac8 40.Qxd4 exd4 41.Re1 d3 42.Rd1 Rfe8 43.Bxd5 d2 44.b5 Re1+
45.Rxe1 dxe1=Q+ 46.Bxe1 Rxc5 47.Bg2 Bxg2 48.Kxg2 Rxb5  0-1